000 00453nam a2200169Ia 4500
008 210719s2000 xx 000 0 und d
020 _a0074639757
041 _aeng
082 _a001.6424J VENI
100 _aVENNERS (Bill)
245 _aInside the java virtual machine. Ed 2.
250 _a2
260 _aNew Delhi.
_bTata McGraw-Hill Publishing Company Ltd.
_c2000
300 _axxxi,703
_bPB
365 _b395
_cRs
650 _aComputer Science
999 _c213538
_d213538